[Event "AUTO-OPEN-3079"]
[Site "http://www.queenalice.com/game.php?id=1216887"]
[Date "2013.9.14"]
[Round "1"]
[White "Aspayne"]
[Black "ezequias2000"]
[Result "0-1"]
[WhiteElo "2063"]
[BlackElo "1500"]

1. e4 e5 2. Nf3 Nc6 3. Nc3 Nf6 4. Nxe5 Nxe5 5. d4 Neg4 6. e5 d5 7. exf6 Nxf6 8.
Be2 Bb4 9. Bd2 O-O 10. O-O c6 11. Re1 Bd6 12. Bf3 Bd7 13. Ne2 Re8 14. Ng3 Qb6
15. Bc3 Rxe1+ 16. Qxe1 Re8 17. Qd2 Ne4 18. Bxe4 dxe4 19. Qg5 f6 20. Qh4 f5 21.
Nh5 Qd8 22. Qxd8 Rxd8 23. d5 Bf8 24. dxc6 Bxc6 25. Nf4 Kf7 26. Kf1 g5 27. Ne2
Bc5 28. b4 Bb6 29. a4 a6 30. Ke1 e3 31. f3 Bc7 32. h3 Bd7 33. Nc1 Rc8 34. Ke2
Bb6 0-1

[Event "AUTO-OPEN-3079"]
[Site "http://www.queenalice.com/game.php?id=1216888"]
[Date "2013.9.14"]
[Round "1"]
[White "ezequias2000"]
[Black "yasseryack"]
[Result "1-0"]
[WhiteElo "1800"]
[BlackElo "1835"]

1. d4 g6 2. Nf3 Bg7 3. c4 c5 4. e3 d6 5. Nc3 Bf5 6. Be2 Nd7 7. O-O Ngf6 8. Nh4
Be4 9. f3 g5 10. fxe4 gxh4 11. Qe1 cxd4 12. exd4 Ng8 13. Be3 e5 14. d5 Bf6 15.
Qf2 b6 16. Nb5 Nb8 17. Bg5 h6 18. Bxh4 Rh7 19. Bxf6 Nxf6 20. Qxf6 Qxf6 21. Rxf6
Na6 22. Bg4 Nc5 23. Bf5 Rg7 24. Rxh6 Ke7 25. Nxd6 Nd3 26. Nb7 Nf4 27. d6+ Kf8
28. Rh8+ Rg8 29. Rxg8+ Kxg8 30. Rd1 Ne2+ 31. Kf2 Nd4 32. c5 bxc5 33. Nxc5 Rb8
34. b3 a5 35. Rc1 Kg7 36. d7 Kf6 37. Nb7 Nxf5 38. exf5 Ke7 39. Rd1 e4 40. Ke3 f6
41. Kxe4 Rh8 42. Nxa5 Kd8 43. h3 Rh7 44. Nb7+ Kc7 45. Nc5 Rh4+ 46. Ke3 Rh8 47.
b4 Kd8 48. b5 Rg8 49. Kf3 Ke7 50. Ne6 Rb8 51. g4 Ra8 52. a4 Rb8 53. b6 Rh8 54.
Kf4 Rg8 55. b7 Rb8 56. Nc5 Kd8 57. a5 Ke7 58. a6 Rd8 59. a7 Rh8 60. b8=Q Rxh3
61. Qe8# 1-0

[Event "AUTO-OPEN-3079"]
[Site "http://www.queenalice.com/game.php?id=1216889"]
[Date "2013.9.14"]
[Round "1"]
[White "yasseryack"]
[Black "ezequias2000"]
[Result "0-1"]
[WhiteElo "1865"]
[BlackElo "1751"]

1. e4 d5 2. e5 c5 3. b3 e6 4. Nf3 Nc6 5. Be2 g6 6. O-O Bg7 7. Bb2 Nge7 8. Bb5
O-O 9. d4 b6 10. Bxc6 Nxc6 11. Ba3 f6 12. dxc5 bxc5 13. Bxc5 Rf7 14. c4 Ba6 15.
Nd4 Nxd4 16. Bxd4 fxe5 17. Be3 Qe7 18. Qd2 dxc4 19. bxc4 Bxc4 20. Rd1 e4 21. Bg5
Qb7 22. Nc3 Bd3 23. Rac1 Bf8 24. Qe3 Ba3 25. Nxe4 Bxc1 26. Qxd3 Bxg5 27. Nxg5
Rf5 28. Nxe6 Qb6 29. Nd4 Rd8 30. Qc4+ Kh8 31. Qc3 Qf6 32. f3 Rfd5 33. Rd2 Rxd4
34. g3 Kg7 35. Rxd4 Qxd4+ 36. Qxd4+ Rxd4 37. f4 Kf6 38. a3 Ra4 39. Kf1 Rxa3 40.
Ke1 Rb3 41. g4 a5 42. h4 a4 43. Kd1 a3 44. Kc1 a2 45. Kc2 Rb5 46. g5+ Kf5 47. h5
a1=Q 48. hxg6 hxg6 49. Kd3 Rb3+ 50. Kc4 Qc3+ 51. Kd5 Qd3+ 52. Kc5 Ke6 53. f5+
gxf5 54. g6 Qd5# 0-1

[Event "AUTO-INT-2728"]
[Site "http://www.queenalice.com/game.php?id=1220350"]
[Date "2013.9.27"]
[Round "1"]
[White "corjaa7"]
[Black "ezequias2000"]
[Result "0-1"]
[WhiteElo "1578"]
[BlackElo "1682"]

1. d4 d5 2. c4 c6 3. Nc3 Nf6 4. Nf3 g6 5. e3 Bg7 6. Bd3 O-O 7. O-O Bg4 8. h3
Bxf3 9. Qxf3 e6 10. Rd1 Nbd7 11. cxd5 exd5 12. b3 Qa5 13. Bb2 Rfe8 14. a3 b5 15.
b4 Qc7 16. Rac1 Qb7 17. e4 Nb6 0-1

[Event "AUTO-INT-2728"]
[Site "http://www.queenalice.com/game.php?id=1220351"]
[Date "2013.9.27"]
[Round "1"]
[White "ezequias2000"]
[Black "corjaa7"]
[Result "1-0"]
[WhiteElo "1709"]
[BlackElo "1560"]

1. d4 Nf6 2. c4 g6 3. Nc3 Bg7 4. Nf3 d6 5. g3 O-O 6. Bg2 Nc6 7. O-O a6 8. d5 Na5
9. Nd2 c5 10. Rb1 Rb8 11. b3 b5 12. Qc2 bxc4 13. bxc4 Bd7 14. e4 Ng4 15. h3 Ne5
16. Rxb8 1-0

[Event "AUTO-INT-2728"]
[Site "http://www.queenalice.com/game.php?id=1220362"]
[Date "2013.9.27"]
[Round "1"]
[White "ezequias2000"]
[Black "thiagohenriqueoliveira"]
[Result "1-0"]
[WhiteElo "1645"]
[BlackElo "1430"]

1. d4 Nc6 2. d5 Nb4 3. a3 Na6 4. e4 e5 5. Nf3 Nc5 6. Nc3 d6 7. Be2 c6 8. O-O b5
9. b4 Nd7 10. dxc6 Ndf6 11. Bxb5 Qb6 12. Ba4 Ne7 13. b5 Ng6 14. Be3 Qa5 15. Qd3
a6 16. bxa6 Bxa6 17. Bb5 Nf4 18. Bxf4 exf4 19. e5 Bxb5 20. Nxb5 dxe5 21. Nxe5
Rd8 22. Qc4 Rb8 23. a4 Bb4 24. Qxf7+ Kd8 25. Rfd1+ Kc8 26. Qe6+ Nd7 27. Qxd7#
1-0

[Event "AUTO-INT-2728"]
[Site "http://www.queenalice.com/game.php?id=1220363"]
[Date "2013.9.27"]
[Round "1"]
[White "thiagohenriqueoliveira"]
[Black "ezequias2000"]
[Result "0-1"]
[WhiteElo "1430"]
[BlackElo "1666"]

1. d4 d5 2. Nc3 c6 3. e4 dxe4 4. Nxe4 Bf5 5. f3 g6 6. c4 Bg7 7. g4 Bxe4 8. fxe4
Qxd4 9. Qxd4 Bxd4 10. Ne2 e5 11. h4 Nf6 12. g5 Nxe4 13. Bg2 Nd6 14. Nxd4 exd4
15. Rf1 O-O 16. c5 Nf5 17. Be4 Ng3 18. Rf4 Re8 19. h5 Nxh5 20. Rf6 Rxe4+ 21. Kd1
Nxf6 22. gxf6 Nd7 23. Bg5 Nxc5 24. Kc2 Re2+ 25. Kd1 Rg2 26. Bf4 Rg1+ 0-1

[Event "AUTO-OPEN-3099"]
[Site "http://www.queenalice.com/game.php?id=1223939"]
[Date "2013.10.11"]
[Round "1"]
[White "ThiagoSousa"]
[Black "ezequias2000"]
[Result "0-1"]
[WhiteElo "1620"]
[BlackElo "1785"]

1. e4 c6 2. c4 e5 3. Nf3 d6 4. Bd3 Nf6 5. O-O Be7 6. Nc3 O-O 7. b3 Na6 8. Ba3
Nc5 9. Bxc5 dxc5 10. Bc2 Bg4 11. d3 Qa5 12. Na4 Rfd8 13. h3 Bxf3 14. Qxf3 b5 15.
Nb2 Qc3 16. Qd1 Qxb2 17. Qb1 Qc3 18. Qe1 Qxc2 19. Qa5 bxc4 20. dxc4 Nxe4 21. Qc7
Bh4 22. g3 Nxg3 23. fxg3 Bxg3 24. Qxc6 Qh2# 0-1

[Event "AUTO-OPEN-3099"]
[Site "http://www.queenalice.com/game.php?id=1223940"]
[Date "2013.10.11"]
[Round "1"]
[White "ezequias2000"]
[Black "ThiagoSousa"]
[Result "1-0"]
[WhiteElo "1730"]
[BlackElo "1622"]

1. f4 c5 2. b3 d5 3. e3 e6 4. Nf3 Bd6 5. Bb2 f6 6. a4 Ne7 7. Be2 O-O 8. O-O Nbc6
9. Qe1 Qb6 10. Nc3 d4 11. Ne4 Nb4 12. Bc4 Nxc2 13. Qh4 Nxa1 14. Bxa1 Nf5 15. Qh3
dxe3 16. Qxf5 Re8 17. Qh5 g6 18. Nxf6+ Kf7 19. Qxh7+ 1-0

[Event "AUTO-OPEN-3099"]
[Site "http://www.queenalice.com/game.php?id=1223959"]
[Date "2013.10.11"]
[Round "1"]
[White "Hortelino"]
[Black "ezequias2000"]
[Result "1/2-1/2"]
[WhiteElo "2228"]
[BlackElo "1730"]

1. d4 c6 2. c4 d5 3. Nf3 g6 4. Nc3 Bg7 5. Bf4 Nf6 6. e3 O-O 7. h3 Nbd7 8. Rc1
dxc4 9. Bxc4 Nb6 10. Bb3 Nbd5 11. Bh2 Nxc3 12. bxc3 Bf5 13. O-O Qa5 14. Ne5 Rad8
15. f3 Nd5 16. Nc4 Qa6 17. e4 Nxc3 18. Qe1 Bxd4+ 19. Kh1 Be6 20. Rxc3 Bxc3 21.
Qxc3 c5 22. Rc1 b5 23. Ne3 c4 24. Bc2 Qb6 25. f4 b4 26. Qe1 c3 27. Bb1 Rd2 28.
f5 Bxa2 29. Bxa2 Rxa2 30. Nd5 Qb7 31. Qh4 f6 32. fxg6 hxg6 33. Qh6 Rf7 34. Qxg6+
Rg7 35. Qe8+ Kh7 36. Qh5+ Kg8 1/2-1/2

[Event "AUTO-OPEN-3099"]
[Site "http://www.queenalice.com/game.php?id=1223960"]
[Date "2013.10.11"]
[Round "1"]
[White "ezequias2000"]
[Black "Hortelino"]
[Result "1-0"]
[WhiteElo "1645"]
[BlackElo "2226"]

1. f4 d5 2. e3 g6 3. Nf3 Bg7 4. a4 Bg4 5. Be2 Bxf3 6. Bxf3 c5 7. O-O Nc6 8. c3
e5 9. fxe5 Nxe5 10. Be2 c4 11. Na3 Nf6 12. b3 Rc8 13. bxc4 dxc4 14. Rb1 b6 15.
Rf4 a6 16. Nxc4 Nxc4 17. Bxc4 O-O 18. Bxa6 1-0

[Event "AUTO-OPEN-3099"]
[Site "http://www.queenalice.com/game.php?id=1223971"]
[Date "2013.10.11"]
[Round "1"]
[White "ezequias2000"]
[Black "chein"]
[Result "0-1"]
[WhiteElo "1842"]
[BlackElo "2308"]

1. f4 d5 2. e3 Nf6 3. b3 Bf5 4. Bb2 e6 5. Nf3 Bd6 6. Nc3 a6 7. Be2 c5 8. O-O Nc6
9. Kh1 d4 10. Nb1 Bc7 11. Qc1 O-O 12. Na3 b5 13. c4 b4 14. Nb1 d3 15. Bd1 Ne4
16. Ne5 Nxe5 17. Bxe5 Bxe5 18. fxe5 Qc7 19. Qb2 f6 20. a3 fxe5 21. Kg1 Nf6 22.
axb4 cxb4 23. Ra4 a5 24. Qc1 Nd7 25. Re1 Be4 26. Bg4 Qc6 0-1

[Event "AUTO-OPEN-3099"]
[Site "http://www.queenalice.com/game.php?id=1223972"]
[Date "2013.10.11"]
[Round "1"]
[White "chein"]
[Black "ezequias2000"]
[Result "1-0"]
[WhiteElo "2128"]
[BlackElo "1805"]

1. e4 c6 2. d4 g6 3. Nc3 Bg7 4. Nf3 d6 5. Be2 Nf6 6. O-O O-O 7. Bf4 Nbd7 8. Qd2
b5 9. a3 a5 10. e5 dxe5 11. dxe5 Nh5 12. Bh6 Bxh6 13. Qxh6 e6 14. Ng5 Ndf6 15.
Bxh5 gxh5 16. exf6 1-0

[Event "Challenge"]
[Site "http://www.queenalice.com/game.php?id=1227545"]
[Date "2013.10.26"]
[Round "-"]
[White "ezequias2000"]
[Black "Vladimir"]
[Result "0-1"]
[WhiteElo "1825"]
[BlackElo "1865"]

1. f4 d5 2. Nf3 c5 3. e3 a6 4. Be2 Nf6 5. O-O e6 6. b3 b5 7. Bb2 g6 8. Ne5 Bg7
9. d3 O-O 10. Nd2 Bb7 11. Bf3 Nc6 12. c3 c4 13. bxc4 bxc4 14. dxc4 Nxe5 15. fxe5
Ne4 16. cxd5 Bxd5 17. Nxe4 Bxe5 18. Nd2 Rb8 19. Nb3 Bxb3 20. axb3 Qxd1 21. Rfxd1
Rxb3 22. Rab1 Rfb8 23. Rd2 Bxc3 24. Kf2 Bxd2 0-1

[Event "Challenge"]
[Site "http://www.queenalice.com/game.php?id=1229569"]
[Date "2013.11.3"]
[Round "-"]
[White "AlekinePb"]
[Black "ezequias2000"]
[Result "0-1"]
[WhiteElo "1835"]
[BlackElo "1801"]

1. d4 f5 2. g3 e6 3. Bg2 Nf6 4. Nf3 Be7 5. O-O O-O 6. c4 c6 7. Nc3 Bb4 8. Ne5
Bxc3 9. bxc3 d6 10. Nd3 Ne4 11. Bb2 Nd7 12. f3 Nef6 13. Nf2 Nb6 14. c5 Nc4 15.
e4 Nxb2 16. Qb3 fxe4 17. fxe4 dxc5 18. Qxb2 cxd4 19. cxd4 b6 20. e5 Nd5 21. Ne4
Qe7 22. Nd6 Ba6 23. Rxf8+ Rxf8 24. Rc1 Qg5 25. Rxc6 Qe3+ 26. Kh1 Qe1+ 0-1

[Event "Challenge"]
[Site "http://www.queenalice.com/game.php?id=1229945"]
[Date "2013.11.4"]
[Round "-"]
[White "odone"]
[Black "ezequias2000"]
[Result "0-1"]
[WhiteElo "1830"]
[BlackElo "1842"]

1. d4 g6 2. c4 Bg7 3. Nf3 c6 4. e4 c5 5. Nc3 cxd4 6. Nxd4 Nc6 7. Be3 e5 8. Nf3
Nge7 9. Bd3 O-O 10. O-O d6 11. h3 f5 12. Bg5 f4 13. Nd5 Qd7 14. Rc1 b6 15. Qa4
Bb7 16. Nxe7+ Kh8 17. Nd5 h6 18. Be7 Rf7 19. Bh4 g5 20. Nxg5 hxg5 21. Bxg5 f3
22. Ne3 fxg2 23. Kxg2 Rf3 24. Kxf3 Nd4+ 25. Kg2 Qxa4 26. f4 exf4 27. Rxf4 Qxa2
28. Rb1 Qb3 29. Bf1 Ne6 30. Rh4+ Kg8 31. Nf5 Qc2+ 32. Kg3 Nxg5 33. Re1 Nxe4+ 34.
Kg4 Nf6+ 35. Kg5 Nh7+ 36. Kg6 Nf8+ 37. Kh5 Qxf5# 0-1

[Event "Challenge"]
[Site "http://www.queenalice.com/game.php?id=1229946"]
[Date "2013.11.4"]
[Round "-"]
[White "odone"]
[Black "ezequias2000"]
[Result "0-1"]
[WhiteElo "1830"]
[BlackElo "1823"]

1. d4 g6 2. c4 Bg7 3. Nf3 d6 4. e4 c5 5. Be2 cxd4 6. Nxd4 e5 7. Nf3 Nc6 8. Be3
Qc7 9. O-O Be6 10. Nc3 Nge7 11. Rc1 O-O 12. Ng5 Bd7 13. Nd5 Qd8 14. f4 h6 15.
Nf3 exf4 16. Bxf4 Bg4 17. Nxe7+ Nxe7 18. Bxd6 Re8 19. b3 Nc6 20. c5 Rxe4 21. Rc4
Rxc4 22. bxc4 Qa5 23. h3 Be6 24. Qb3 b6 25. cxb6 Qxb6+ 26. Qxb6 axb6 27. Rb1 Nd4
28. Nxd4 Bxd4+ 29. Kh2 Rxa2 30. Bf1 Rc2 31. Rxb6 Bxb6 32. Bd3 Rc3 33. Be2 Bxc4
34. Be5 Re3 35. Bf3 Rxe5 0-1

[Event "Challenge"]
[Site "http://www.queenalice.com/game.php?id=1242104"]
[Date "2013.12.23"]
[Round "-"]
[White "AlekinePb"]
[Black "ezequias2000"]
[Result "0-1"]
[WhiteElo "1948"]
[BlackElo "1842"]

1. d4 Nf6 2. c4 e6 3. Nf3 b6 4. Nc3 Bb4 5. Bg5 O-O 6. e3 d5 7. cxd5 exd5 8. Bd3
Bxc3+ 9. bxc3 Bg4 10. Be2 Bxf3 11. Bxf3 c6 12. O-O Nbd7 13. Qc2 h6 14. Bh4 Qc7
15. Bg3 Qb7 16. c4 Rac8 17. Qb3 dxc4 18. Qxc4 b5 19. Qb3 a5 20. Rac1 a4 21. Qb4
Nd5 22. Bxd5 cxd5 23. Bd6 Rfe8 24. Bc5 Nf6 25. Rb1 Ne4 26. Rfc1 Rb8 27. Bd6 Nxd6
28. Qxd6 Red8 29. Qf4 Rbc8 30. a3 Rc4 31. Rxc4 dxc4 32. Qe5 Rd5 33. Qe8+ Kh7 34.
Qe4+ f5 35. Qc2 Qe7 36. Rb4 Rxd4 37. h3 Rd5 38. Rb1 Qxa3 39. Rd1 Rxd1+ 40. Qxd1
Qd3 41. Qf3 a3 42. g4 a2 43. Kg2 fxg4 44. hxg4 a1=Q 45. g5 Qaf1+ 46. Kg3 Qg1+
47. Kf4 Qxg5# 0-1

[Event "Challenge"]
[Site "http://www.queenalice.com/game.php?id=1242105"]
[Date "2013.12.23"]
[Round "-"]
[White "ezequias2000"]
[Black "AlekinePb"]
[Result "1-0"]
[WhiteElo "1863"]
[BlackElo "1948"]

1. f4 Nf6 2. e3 g6 3. Bd3 d5 4. Nf3 Bg7 5. O-O O-O 6. Nc3 Bg4 7. Rb1 c5 8. b3
Nc6 9. Bb2 e5 10. fxe5 Nxe5 11. Be2 Re8 12. Nxe5 Bxe2 13. Nxe2 d4 14. exd4 cxd4
15. Nd3 Qd5 16. Nxd4 Ne4 17. Nf3 Re7 18. Bxg7 Kxg7 19. Nf2 Qc5 20. d4 Qb6 21.
Nxe4 Rxe4 22. c3 Rae8 23. Ne5 R4xe5 24. Qf3 R5e7 25. Kh1 Qe6 26. d5 Qe2 27. Qxe2
Rxe2 28. d6 Rd2 29. Rbd1 Rxd1 30. Rxd1 Kf6 31. c4 b6 32. b4 Rd8 33. Kg1 Ke6 34.
c5 Kd7 35. Kf2 Kc6 36. Rc1 bxc5 37. bxc5 Rb8 38. Ke3 Rb2 39. Rd1 Rb7 40. Rd3 Kd7
41. Rb3 Kc6 42. Rxb7 Kxb7 43. d7 Kc7 44. c6 f5 45. h4 h6 46. Kf4 a5 47. a4 Kd8
48. g4 fxg4 49. Kxg4 Kc7 50. Kf4 Kd8 51. Ke4 Kc7 52. Ke5 g5 53. hxg5 1-0